[Event "TUR Cup"]
[Site "Antalya"]
[Date "2017.02.02"]
[Round "9"]
[White "Hazar, Yahya"]
[Black "Alacan, Mehmet"]
[Result "0-1"]
[WhiteElo "1476"]
[BlackElo "1768"]
[PlyCount "63"]
[EventDate "2017.01.28"]
[EventType "swiss"]
[EventRounds "11"]
[EventCountry "TUR"]
[SourceTitle "CBM 176 Extra"]
[Source "ChessBase"]
[SourceDate "2017.03.02"]
[SourceVersion "1"]
[SourceVersionDate "2017.03.02"]
[SourceQuality "1"]

1. e4 Nc6 2. d4 d5 3. e5 e6 4. Nf3 Be7 5. c4 dxc4 6. Bxc4 Bb4+ 7. Nc3 Nge7 8. 0-0 a6 9. Bg5 Qd7 10. Ne4 0-0 11. a3 Ba5 12. Nf6+ gxf6 13. Bxf6 Nd5 14. Qc1 Nxf6 15. Qg5+ Kh8 16. exf6 Rg8 17. Qh4 Rg6 18. Ne5 Nxe5 19. dxe5 b5 20. Rad1 Qe8 21. Bd3 Bb7 22. Bxg6 fxg6 23. Rd4 Bd5 24. Rfd1 c6 25. Rf4 Qf7 26. Qg5 Rd8 27. h4 Rg8 28. Rd3 Rf8 29. Rg4 Bc7 30. h5 Rg8 31. Rdg3 Ba2 32. Qh6 0-1